[Event "Split op 6th"]
[Site "Split"]
[Date "2016.08.20"]
[Round "9"]
[White "Srbis, Jurica"]
[Black "Parligras, Cosmin"]
[Result "1-0"]
[WhiteElo "2426"]
[BlackElo "2260"]
[PlyCount "79"]
[EventDate "2016.08.13"]
[EventType "swiss"]
[EventRounds "9"]
[EventCountry "CRO"]
[SourceTitle "CBM 173 Extra"]
[Source "ChessBase"]
[SourceDate "2016.08.29"]
[SourceVersion "1"]
[SourceVersionDate "2016.08.29"]
[SourceQuality "1"]

1. e4 c5 2. Nf3 Nf6 3. e5 Nd5 4. Nc3 e6 5. Nxd5 exd5 6. d4 Nc6 7. dxc5 Bxc5 8. Be2 d6 9. Qxd5 Qa5+ 10. Qd2 Qb6 11. 0-0 dxe5 12. c3 f6 13. b4 Be7 14. Qd5 Bd7 15. Be3 Qc7 16. Rfd1 Nd8 17. Rac1 a6 18. Qb3 Rc8 19. Rd2 Qc6 20. b5 axb5 21. Rd5 Qc7 22. Rcd1 Bc6 23. Bxb5 Bxb5 24. Qxb5+ Qc6 25. c4 0-0 26. Rd7 Re8 27. Qd5+ Kf8 28. Nh4 Qxc4 29. Nf5 Qxd5 30. R1xd5 Nf7 31. Rxb7 g6 32. Nxe7 Rxe7 33. Bc5 Nd6 34. Rb1 Ne4 35. Bxe7+ Kxe7 36. f3 Nc3 37. Rb7+ Ke6 38. Rd2 e4 39. Rc2 e3 40. Kf1 1-0

[Event "Heraklio op-A 15th"]
[Site "Heraklion"]
[Date "2015.09.04"]
[Round "5"]
[White "Serpetsidakis, Nikolaos"]
[Black "Parligras, Cosmin"]
[Result "0-1"]
[WhiteElo "1836"]
[BlackElo "2230"]
[PlyCount "66"]
[EventDate "2015.09.01"]
[EventType "swiss"]
[EventRounds "7"]
[EventCountry "GRE"]
[SourceTitle "EXT 2024"]
[Source "ChessBase"]
[SourceDate "2023.10.10"]
[SourceVersion "1"]
[SourceVersionDate "2023.10.10"]
[SourceQuality "1"]

1. d4 Nf6 2. c4 e6 3. Nc3 Bb4 4. e3 b6 5. Bd3 Bb7 6. Nge2 Bxg2 7. Rg1 Be4 8. Rxg7 Bg6 9. e4 Nh5 10. Bh6 Bf8 11. Rxg6 hxg6 12. Bxf8 Kxf8 13. Qd2 Qh4 14. 0-0-0 Qxf2 15. d5 Na6 16. Bc2 Nf6 17. dxe6 dxe6 18. e5 Ng4 19. Qd7 Kg7 20. Qb5 Qe3+ 21. Kb1 Nc5 22. b4 c6 23. Qxc6 Nxe5 24. Qc7 Ncd3 25. Bxd3 Nxd3 26. Rf1 Rhf8 27. Qe7 Qe5 28. Kc2 Rae8 29. Rxf7+ Rxf7 30. Qxe8 Nxb4+ 31. Kb3 Nd3 32. Qc6 Nc5+ 33. Kb2 Rf2 0-1